Statistics for Pokemon by Letter - A

Click here to take the quiz!

General Stats

  • This quiz has been taken 6 times
  • The average score is 24 of 33

Answer Stats

NumberType 1Type 2Pokemon% Correct
460GrassIceAbomasnow
100%
59FirexArcanine
100%
144IceFlyingArticuno
100%
168BugPoisonAriados
100%
493NormalxArceus
100%
24PoisonxArbok
100%
359DarkxAbsol
100%
306SteelRockAggron
75%
683FairyxAromatisse
75%
184WaterFairyAzumarill
75%
482PsychicxAzelf
75%
610DragonxAxew
75%
713IcexAvalugg
75%
699RockIceAurorus
75%
531NormalxAudino
75%
304SteelRockAron
75%
566RockFlyingArchen
75%
63PsychicxAbra
75%
142RockFlyingAerodactyl
75%
181ElectricxAmpharos
75%
698RockIceAmaura
75%
334DragonFlyingAltaria
75%
594WaterxAlomomola
75%
65PsychicxAlakazam
75%
298NormalFairyAzurill
75%
681SteelGhostAegislash
50%
190NormalxAipom
50%
567RockFlyingArcheops
50%
617BugxAccelgor
50%
348RockBugArmaldo
50%
347RockBugAnorith
50%
424NormalxAmbipom
50%
591GrassPoisonAmoonguss
25%

Score Distribution

Percentile by Number Answered

Percent of People with Each Score

Your Score History

You have not taken this quiz